Discoveries Made Upon Men and Matter and Some Poems (Record no. 234463)
[ view plain ]
| 000 -LEADER | |
|---|---|
| fixed length control field | 01226cam a22002773a 4500 |
| 001 - CONTROL NUMBER | |
| control field | 5134 |
| 003 - CONTROL NUMBER IDENTIFIER | |
| control field | PGUSA |
| 005 - DATE AND TIME OF LATEST TRANSACTION | |
| control field | 20140828083114.0 |
| 008 - FIXED-LENGTH DATA ELEMENTS--GENERAL INFORMATION | |
| fixed length control field | 040201s2004||||xxu|||||s|||||000 p eng d |
| 040 ## - CATALOGING SOURCE | |
| Original cataloging agency | PGUSA |
| Language of cataloging | eng |
| 042 ## - AUTHENTICATION CODE | |
| Authentication code | dc |
| 050 #4 - LIBRARY OF CONGRESS CALL NUMBER | |
| Classification number | PR |
| 100 1# - MAIN ENTRY--PERSONAL NAME | |
| Personal name | Jonson, Ben, |
| Dates associated with a name | -1637 |
| 245 10 - TITLE STATEMENT | |
| Title | Discoveries Made Upon Men and Matter and Some Poems |
| Medium | [electronic resource] / |
| Statement of responsibility, etc | Ben Jonson |
| 260 ## - PUBLICATION, DISTRIBUTION, ETC. (IMPRINT) | |
| Name of publisher, distributor, etc | Project Gutenberg, |
| Date of publication, distribution, etc | 2004 |
| 505 0# - FORMATTED CONTENTS NOTE | |
| Formatted contents note | Sylva -- Timber, or discoveries made upon men and matter -- Some poems: To William Camden. On my first daughter. On my first son. To Francis Beaumont. Of life and death. Inviting a friend to supper. Epitaph on Salathiel Pavy. Epitaph on Elizabeth L. H. Epitaph on the countess of Pembroke. To the memory of my beloved master William Shakespeare. To Celia. The triumph of Charis. In the person of womankind. Ode. Præludium. Epode. An elegy. |
| 506 ## - RESTRICTIONS ON ACCESS NOTE | |
| Terms governing access | Public domain in the USA. |
| 516 ## - TYPE OF COMPUTER FILE OR DATA NOTE | |
| Type of computer file or data note | Electronic text |
| 653 ## - INDEX TERM--UNCONTROLLED | |
| Uncontrolled term | Miscellanea |
| 653 ## - INDEX TERM--UNCONTROLLED | |
| Uncontrolled term | English poetry -- Early modern, 1500-1700 |
| 653 ## - INDEX TERM--UNCONTROLLED | |
| Uncontrolled term | Commonplace books |
| 700 1# - ADDED ENTRY--PERSONAL NAME | |
| Personal name | Morley, Henry, |
| Dates associated with a name | 1822-1894 |
| 830 #0 - SERIES ADDED ENTRY--UNIFORM TITLE | |
| Uniform title | Project Gutenberg |
| Volume number/sequential designation | 5134 |
| 856 40 - ELECTRONIC LOCATION AND ACCESS | |
| Uniform Resource Identifier | <a href="http://www.gutenberg.org/ebooks/5134">http://www.gutenberg.org/ebooks/5134</a> |
| 942 ## - ADDED ENTRY ELEMENTS (KOHA) | |
| Koha item type | eBooks |
| Withdrawn status | Lost status | Damaged status | Home library | Current library | Date acquired | Total Checkouts | Date last seen | Price effective from | Koha item type |
|---|---|---|---|---|---|---|---|---|---|
| Project Gutenberg | Project Gutenberg | 08/28/2014 | 08/28/2014 | 08/28/2014 | eBooks |